00546nam a2200169 a 4500001001000000003000600010005001700016008004100033040002500074082002400099100002300123245007600146260007200222300002100294650002400315650003700339000028216BNPHU20260427110816.0110407s1936 dr 000 0 spa d aDO-SdBNPbspacBNPHU 4aRD863.42bH117a2221 aHache S., Pedro O.13aEl asesinato del dominicano Satander en New York / :bPedro O. Hache S. aSantiago, República Dominicana :bCorazón de Jesús,c[19--?]. a44 mp. ;c18 cm. 4aCuentos dominicanos 4aLiteratura dominicana ySiglo XX